Country By Darts Player - Statistics

General Stats
  • This quiz has been taken 62 times
  • The average score is 13 of 15
Answer Stats
Player Nation % Correct
Thibault Tricole France
98%
Jeffrey de Zwaan Netherlands
98%
Ronny Huybrechts Belgium
96%
Florian Hempel Germany
96%
Chris Dobey England
94%
David Cameron Canada
86%
William Borland Scotland
86%
Jim Williams Wales
86%
Radek Szaganski Poland
82%
Jeffrey de Graaf Sweden
82%
Rowby-John Rodriguez Austria
78%
Dylan Slevin Ireland
78%
Jules van Dongen United States
78%
Darius Labanauskas Lithuania
76%
Benjamin Drue-Reus Denmark
59%
No matching quizzes found
Score Distribution
Percent of People with Each Score
Percentile by Number Answered
Your Score History
You have not taken this quiz